Ariana Grande - 50 Most Played Songs Live - Statistics

General Stats
  • This quiz has been taken 82 times
  • The average score is 31 of 50
Answer Stats
Hint Song % Correct
103 7 rings
89%
199 Into You
89%
210 Dangerous Woman
88%
104 thank u, next
86%
114 no tears left to cry
83%
109 God is a woman
81%
209 Problem
81%
104 sweetener
80%
286 Break Free
78%
198 Side to Side
78%
107 breathin
77%
189 One Last Time
77%
101 NASA
75%
138 The Way
75%
265 Love Me Harder
73%
101 needy
73%
101 break up with your girlfriend, i'm bored
72%
85 Everyday
69%
102 the light is coming
69%
118 Honeymoon Avenue
67%
100 everytime
66%
45 Baby I
64%
203 Be Alright
64%
79 Let Me Love You
64%
77 Moonlight
64%
100 bad idea
63%
97 fake smile
63%
86 Greedy
63%
193 Right There
63%
88 successful
63%
117 Tattooed Heart
63%
92 My Everything
61%
108 R.E.M
61%
97 make up
59%
81 Leave Me Lonely
55%
75 Touch It
53%
76 Bad Decisions
48%
91 Be My Baby
48%
76 Sometimes
48%
92 Best Mistake
47%
173 Break Your Heart Right Back
47%
76 I Don't Care
45%
74 Why Try
45%
75 Thinking Bout You
44%
88 Hands on Me
41%
94 You'll Never Know
38%
103 raindrops (an angel cried)
25%
87 Pink Champagne
16%
75 Forever Boy
14%
75 Knew Better Pt. II
2%
No matching quizzes found
Score Distribution
Percent of People with Each Score
Percentile by Number Answered
Your Score History
You have not taken this quiz